Liberalismo, constitución y democracia
Zapisane w:
| 1. autor: | |
|---|---|
| Format: | Książka |
| Język: | hiszpański |
| Wydane: |
Buenos Aires
La Isla de la Luna
2003
|
| Seria: | Humanidades y Asuntos Públicos
|
| Hasła przedmiotowe: | |
| Etykiety: |
Dodaj etykietę
Nie ma etykietki, Dołącz pierwszą etykiete!
|
MARC
| LEADER | 00000nam a2200000 a 4500 | ||
|---|---|---|---|
| 001 | UCL9046 | ||
| 003 | CL-VaPUC | ||
| 008 | 040716e20030000AG |||||||||||||||||spa|d | ||
| 020 | |a 9872067317 | ||
| 082 | 0 | 4 | |a 320.01 |b DWO |2 21 |
| 100 | |a Dworkin, Ronald |e author |9 257913 | ||
| 245 | 1 | 0 | |a Liberalismo, constitución y democracia |
| 300 | |a 78 p | ||
| 942 | |c BK | ||
| 945 | |d 20040716 00:00:00 |a cmena | ||
| 260 | |a Buenos Aires |b La Isla de la Luna |c 2003 | ||
| 650 | 7 | |a FILOSOFIA POLITICA |2 CL-VaPUC |9 486949 | |
| 650 | 0 | |a Filosofía del derecho |9 255050 | |
| 650 | 0 | |a Ideologías políticas |9 255735 | |
| 650 | 0 | |a Democracia |9 255256 | |
| 650 | 0 | |a Liberalismo |9 255715 | |
| 583 | |a last modification |c 20040716 00:00:00 |k Rodrigo Vera | ||
| 490 | 0 | |a Humanidades y Asuntos Públicos | |
| 999 | |c 310044 |d 310042 | ||
| 952 | |0 0 |1 0 |4 0 |6 320_010000000000000_DWO_2003 |7 0 |8 A |9 378075 |a BIBEDU |b BIBEDU |d 2019-11-21 |i 4036425 |o 320.01 DWO 2003 |p 4036425 |r 2019-11-21 |w 2019-11-21 |y BK |k FIL | ||
| 952 | |0 0 |1 0 |4 0 |6 320_010000000000000_DWO_2003 |7 0 |8 A |9 378076 |a BIBDER |b BIBDER |d 2019-11-21 |i 4041623 |o 320.01 DWO 2003 |p 4041623 |r 2023-01-25 |w 2019-11-21 |y BK |k DER | ||